000 00962 a2200277 4500
003 Nust
005 20170207153554.0
010 _a 2008029440
020 _a0195331451 (hardcover : alk. paper)
020 _a9780195331455 (hardcover : alk. paper)
035 _a(OCoLC)ocn233283777
040 _cNust
082 0 0 _a621.382
100 1 _aLathi, B. P.
245 1 0 _aModern digital and analog communication systems /
_cB.P. Lathi, Zhi Ding.
250 _a4th ed.
260 _aNew York :
_bOxford University Press,
_c2009.
300 _axix, 1004 p. :
_bill. ;
_c27 cm.
490 1 _aOxford series in electrical and computer engineering
650 0 _aDigital communications.
650 0 _aStatistical communication theory.
650 0 _aTelecommunication systems.
700 1 _aDing, Zhi,
_d1962-
830 0 _aOxford series in electrical and computer engineering.
856 4 1 _3Table of contents only
_uhttp://www.loc.gov/catdir/toc/fy0903/2008029440.html
942 _2ddc
_cBK
999 _c189011
_d189011